| 000 | 00614nam a22001697a 4500 | ||
|---|---|---|---|
| 003 | BD-DhUL | ||
| 005 | 20160831153425.0 | ||
| 008 | 160831b xxu||||| |||| 00| 0 eng d | ||
| 040 | _cBD-DhUL | ||
| 082 |
_a923.7 _bSET |
||
| 100 | _a সেনগুপ্ত, সুরোধচন্দ্র | ||
| 245 |
_aতেহিনো দিবসা / _cসুরোধচন্দ্র সেনগুপ্ত |
||
| 260 |
_aকলকাতা : _bসাহিত্য সংসদ, _c১৯৮৪ |
||
| 300 |
_a৩৮৯ পৃ. ; _c২২ সেমি. |
||
| 650 |
_aইতিহাস _vHistory |
||
| 942 |
_2ddc _cBK |
||
| 999 |
_c103479 _d103479 |
||